| 000 | 00911nam a22002537a 4500 | ||
|---|---|---|---|
| 999 |
_c5609 _d5609 |
||
| 001 | 5609 | ||
| 003 | BD-JhCC | ||
| 005 | 20180304115140.0 | ||
| 008 | 171218s2014 bg a|||| ||a| 000 0 ben d | ||
| 020 | _a9878636021 | ||
| 035 | _a(BD-JhCC)5609 | ||
| 040 |
_aBD-JhCC _dBD-JhCC |
||
| 041 | _aben | ||
| 082 |
_a540 _bHAQ 2014 |
||
| 100 | _aহক, মোঃ মনিমুল | ||
| 245 |
_aরসায়ন দ্বিতীয় পত্র একাদশ-দ্বাদশ শ্রেণী / _cমোঃ মনিমুল হক; মোহাম্মদ আবু ইউসুফ; আনিকা অনি |
||
| 260 |
_aঢাকা : _bআশরাফিয়া বইঘর, _c2014. |
||
| 300 |
_a275 p. : _c24 cm. |
||
| 650 | _aChemistry | ||
| 700 | _aইউসুফ, মোহাম্মদ আবু | ||
| 700 | _aঅনি, আনিকা | ||
| 942 |
_2ddc _cBK |
||